Normal view
MARC view
- Dr. Robina Treen
Entry Personal Name
001 - CONTROL NUMBER
- control field: 16604
003 - CONTROL NUMBER IDENTIFIER
- control field: NUST
005 - DATE AND TIME OF LATEST TRANSACTION
- control field: 20190703134532.0
008 - FIXED-LENGTH DATA ELEMENTS
- fixed length control field: 190703|| aca||aabn | a|a d
040 ## - CATALOGING SOURCE
- Original cataloging agency: NUST
- Transcribing agency: NUST
100 ## - HEADING--PERSONAL NAME
- Personal name: Dr. Robina Treen
670 ## - SOURCE DATA FOUND
- Source citation: Work cat.: (NUST): Dr. Robina Treen, Shah Shamas Sabzwari swanah hayat aor asar /, 2007.
